[Event "Calvia Amateur op 19th"]
[Site "Calvia"]
[Date "2022.10.15"]
[Round "8"]
[White "Gaitan Moyano, Juan Jose"]
[Black "Schmitt, Carsten1111"]
[Result "1-0"]
[WhiteElo "2025"]
[BlackElo "1891"]
[PlyCount "85"]
[EventDate "2022.10.08"]
[EventType "swiss"]
[EventRounds "9"]
[EventCountry "ESP"]
[SourceTitle "CBM 210 Extra"]
[Source "ChessBase"]
[SourceDate "2022.11.30"]
[SourceVersion "1"]
[SourceVersionDate "2022.11.30"]
[SourceQuality "1"]

1. e4 e6 2. d4 d5 3. Nd2 Nf6 4. e5 Nfd7 5. Bd3 c5 6. c3 Nc6 7. Ne2 cxd4 8. cxd4 f6 9. exf6 Nxf6 10. Nf3 Bd6 11. 0-0 Qc7 12. g3 0-0 13. Bf4 Bd7 14. Rc1 Be8 15. Ng5 Qe7 16. Bxd6 Qxd6 17. Nf4 Bd7 18. Nf3 Rae8 19. Re1 Re7 20. Ne5 Be8 21. Qd2 Nd7 22. Qe3 Ndxe5 23. dxe5 Qd8 24. a3 g5 25. Nh3 h6 26. Kg2 Ref7 27. f4 g4 28. Nf2 h5 29. h3 Rg7 30. hxg4 hxg4 31. Rh1 d4 32. Qe2 Ne7 33. Nxg4 Nf5 34. Bxf5 Rxf5 35. Nh6+ Kf8 36. Nxf5 exf5 37. Rh8+ Ke7 38. Kf2 Qb6 39. Qc4 Qxb2+ 40. Rc2 Qxa3 41. Rxe8+ Kxe8 42. Qc8+ Kf7 43. Qxf5+ 1-0

[Event "Baleares-chT"]
[Site "Palma de Mallorca"]
[Date "2022.02.19"]
[Round "5.4"]
[White "Gaitan Moyano, Juan Jose"]
[Black "Vargas Rodriguez, Quimey"]
[Result "1-0"]
[WhiteElo "2006"]
[BlackElo "1293"]
[PlyCount "49"]
[EventDate "2022.01.22"]
[EventType "team-tourn"]
[EventRounds "7"]
[EventCountry "ESP"]
[SourceTitle "EXT 2023"]
[Source "ChessBase"]
[SourceDate "2022.10.05"]
[SourceVersion "1"]
[SourceVersionDate "2022.10.05"]
[SourceQuality "1"]
[WhiteTeam "Agora Megaescacs"]
[BlackTeam "La Balanguera"]
[WhiteTeamCountry "ESP"]
[BlackTeamCountry "ESP"]

1. e4 c5 2. Nf3 d6 3. d4 cxd4 4. Nxd4 Nf6 5. Nc3 a6 6. Be3 Nc6 7. f3 e6 8. Qd2 Be7 9. g4 0-0 10. g5 Nd7 11. h4 Nxd4 12. Qxd4 e5 13. Qd2 b5 14. Nd5 Bb7 15. Nxe7+ Qxe7 16. 0-0-0 Rac8 17. Qxd6 Qxd6 18. Rxd6 Rc7 19. Bh3 Nb8 20. Rhd1 Bc8 21. Bb6 Re7 22. Rd8 Ree8 23. Bxc8 Rxd8 24. Rxd8 Rxd8 25. Bxd8 1-0

[Event "Mallorca-chT Preferente"]
[Site "Palma de Mallorca"]
[Date "2020.02.22"]
[Round "4.6"]
[White "Gaitan Moyano, Juan Jose"]
[Black "Ferenczi, Robert Frank"]
[Result "1/2-1/2"]
[WhiteElo "2009"]
[BlackElo "1740"]
[PlyCount "54"]
[EventDate "2020.02.01"]
[EventType "team-tourn"]
[EventRounds "9"]
[EventCountry "ESP"]
[SourceTitle "CBM 195 Extra"]
[Source "ChessBase"]
[SourceDate "2020.05.31"]
[SourceVersion "1"]
[SourceVersionDate "2020.05.31"]
[SourceQuality "1"]
[WhiteTeam "Agora Megaescacs"]
[BlackTeam "Alcudia"]
[WhiteTeamCountry "ESP"]
[BlackTeamCountry "ESP"]

1. e4 e6 2. d4 d5 3. Nd2 Nf6 4. e5 Nfd7 5. Bd3 c5 6. c3 Nc6 7. Ne2 cxd4 8. cxd4 f6 9. exf6 Nxf6 10. Nf3 Bd6 11. 0-0 Qc7 12. h3 0-0 13. Be3 e5 14. Nxe5 Nxe5 15. dxe5 Bxe5 16. Rc1 Qf7 17. Nd4 Ne4 18. Qb3 Bxd4 19. Bxe4 dxe4 20. Qxf7+ Rxf7 21. Bxd4 Be6 22. a3 Bd5 23. Rfd1 Bc6 24. Be3 a6 25. Rd6 h6 26. Rcd1 Kh7 27. Bd4 Rc8 1/2-1/2

[Event "Mallorca-chT Preferente"]
[Site "Palma de Mallorca"]
[Date "2020.02.15"]
[Round "3.6"]
[White "Garcia Perez, Pedro"]
[Black "Gaitan Moyano, Juan Jose"]
[Result "0-1"]
[WhiteElo "1838"]
[BlackElo "2009"]
[PlyCount "66"]
[EventDate "2020.02.01"]
[EventType "team-tourn"]
[EventRounds "9"]
[EventCountry "ESP"]
[SourceTitle "CBM 195 Extra"]
[Source "ChessBase"]
[SourceDate "2020.05.31"]
[SourceVersion "1"]
[SourceVersionDate "2020.05.31"]
[SourceQuality "1"]
[WhiteTeam "Tropic"]
[BlackTeam "Agora Megaescacs"]
[WhiteTeamCountry "ESP"]
[BlackTeamCountry "ESP"]

1. d4 d5 2. c4 c6 3. e3 Nf6 4. Nc3 Bf5 5. Nf3 a6 6. cxd5 cxd5 7. Qb3 Ra7 8. Nh4 Be4 9. f3 Bg6 10. Nxg6 hxg6 11. Bd3 e6 12. Qa4+ Nc6 13. a3 Bd6 14. h3 Bg3+ 15. Ke2 Qd6 16. Qc2 Nh5 17. Kd1 b5 18. b4 Rc7 19. Bxb5 0-0 20. Qd2 e5 21. Bxc6 Qxc6 22. Bb2 exd4 23. Qxd4 Re8 24. Rc1 Be5 25. Qd3 d4 26. b5 Qe6 27. Ne4 dxe3 28. Rxc7 Bxc7 29. Kc2 axb5 30. g4 Nf6 31. Nc5 Qc6 32. Bd4 Bb6 33. Qc3 Nd5 0-1

[Event "Mallorca-ch Amateur"]
[Site "Mallorca"]
[Date "2019.04.21"]
[Round "5.1"]
[White "Gaitan Moyano, Juan Jose"]
[Black "Ramon Sanchez Campins, Pedro"]
[Result "1-0"]
[WhiteElo "1973"]
[BlackElo "1733"]
[PlyCount "89"]
[EventDate "2019.04.19"]
[EventType "swiss"]
[EventRounds "6"]
[EventCountry "ESP"]
[SourceTitle "EXT 2024"]
[Source "ChessBase"]
[SourceDate "2023.10.10"]
[SourceVersion "1"]
[SourceVersionDate "2023.10.10"]
[SourceQuality "1"]

1. e4 d5 2. exd5 Qxd5 3. Nc3 Qd8 4. d4 Nf6 5. Nf3 e6 6. Bd3 Be7 7. 0-0 Nc6 8. a3 0-0 9. Ne2 Nb8 10. Bf4 b6 11. Ng3 Bb7 12. c3 Nbd7 13. Qe2 Nd5 14. Bd2 N5f6 15. Rad1 c6 16. Ne5 c5 17. f4 cxd4 18. cxd4 Bd5 19. f5 Qc7 20. Rc1 Qd8 21. fxe6 fxe6 22. Nc6 Qe8 23. Nxe7+ Qxe7 24. Bb4 Qf7 25. Bxf8 Nxf8 26. Ne4 Rd8 27. Nxf6+ gxf6 28. Qg4+ Kh8 29. Qh4 Nd7 30. Bb5 Rg8 31. Rf2 f5 32. Bxd7 Qxd7 33. Qf6+ Qg7 34. Qxg7+ Rxg7 35. Rc8+ Rg8 36. Rfc2 a6 37. Rxg8+ Kxg8 38. Rc8+ Kf7 39. Rb8 b5 40. Rb6 Bc4 41. Rxa6 h5 42. g3 Kf6 43. Kf2 Ke7 44. Ke3 Kd7 45. Ra7+ 1-0

[Event "Mallorca-ch Amateur"]
[Site "Mallorca"]
[Date "2019.04.19"]
[Round "1.1"]
[White "Gaitan Moyano, Juan Jose"]
[Black "Garcia Adell, Ivan"]
[Result "1-0"]
[WhiteElo "1973"]
[BlackElo "1498"]
[PlyCount "63"]
[EventDate "2019.04.19"]
[EventType "swiss"]
[EventRounds "6"]
[EventCountry "ESP"]
[SourceTitle "EXT 2024"]
[Source "ChessBase"]
[SourceDate "2023.10.10"]
[SourceVersion "1"]
[SourceVersionDate "2023.10.10"]
[SourceQuality "1"]

1. e4 e5 2. Nf3 Nc6 3. Bb5 a6 4. Ba4 b5 5. Bb3 Bb7 6. c3 Nf6 7. d3 Be7 8. 0-0 0-0 9. a4 Re8 10. Re1 Bc5 11. Bg5 h6 12. Bh4 Qe7 13. Nbd2 Qd6 14. Nf1 Nh5 15. Ng3 Nf4 16. Bc2 Qf8 17. Nf5 g6 18. Ne3 g5 19. Bg3 Re6 20. d4 exd4 21. cxd4 Bb4 22. d5 Bxe1 23. Qxe1 Re7 24. dxc6 Bxc6 25. Nf5 Re6 26. N3d4 Ree8 27. Qe3 Ne6 28. h4 Bb7 29. hxg5 hxg5 30. Nxe6 Rxe6 31. Qxg5+ Rg6 32. Ne7+ 1-0

[Event "Pomar Memorial op"]
[Site "Palma de Mallorca"]
[Date "2018.11.26"]
[Round "1"]
[White "Aroshidze, Levan"]
[Black "Gaitan Moyano, Juan Jose"]
[Result "1-0"]
[WhiteElo "2514"]
[BlackElo "1980"]
[PlyCount "81"]
[EventDate "2018.11.26"]
[EventType "swiss"]
[EventRounds "7"]
[EventCountry "ESP"]
[SourceTitle "EXT 2020"]
[Source "ChessBase"]
[SourceDate "2019.10.17"]
[SourceVersion "1"]
[SourceVersionDate "2019.10.17"]
[SourceQuality "1"]

1. e4 c5 2. Nf3 d6 3. d4 cxd4 4. Nxd4 Nf6 5. Nc3 a6 6. f3 e5 7. Nb3 Be6 8. Be3 Nbd7 9. g4 b5 10. g5 Nh5 11. Qd2 Be7 12. 0-0-0 0-0 13. Kb1 b4 14. Nd5 Bxd5 15. exd5 a5 16. Bb5 Qc7 17. Bc6 Rad8 18. Rhg1 Nb8 19. Bb5 Nd7 20. Qf2 Nc5 21. Bc6 Nd7 22. Qe2 Nb8 23. Bb5 Nd7 24. Rg4 Nb6 25. Nxa5 Nxd5 26. Rxd5 Qxa5 27. Qd2 Ra8 28. Bc4 Qc7 29. Bb3 g6 30. Rc4 Qd8 31. Rxb4 Ng7 32. f4 exf4 33. Bxf4 Ne6 34. h4 Ra5 35. a3 Rxd5 36. Qxd5 Qa8 37. Be3 Qxd5 38. Bxd5 Rc8 39. a4 Nc7 40. Rc4 Bd8 41. Ba7 1-0

[Event "Santa Margalida Mallorca-ch"]
[Site "Santa Margalida"]
[Date "2016.11.18"]
[Round "3"]
[White "Gaitan Moyano, Juan Jose"]
[Black "Oliver Jaume, Fernando"]
[Result "1/2-1/2"]
[WhiteElo "1988"]
[BlackElo "1784"]
[PlyCount "121"]
[EventDate "2016.11.11"]
[EventType "swiss"]
[EventRounds "8"]
[EventCountry "ESP"]
[SourceTitle "EXT 2018"]
[Source "ChessBase"]
[SourceDate "2017.10.13"]
[SourceVersion "1"]
[SourceVersionDate "2017.10.13"]
[SourceQuality "1"]

1. e4 e6 2. d4 d5 3. Nd2 Nf6 4. e5 Nfd7 5. Bd3 c5 6. c3 Nc6 7. Ne2 Qb6 8. Nf3 f6 9. exf6 Nxf6 10. 0-0 Bd6 11. a4 cxd4 12. cxd4 0-0 13. Ng3 Bd7 14. Re1 Kh8 15. Bc2 Rac8 16. b3 Nb4 17. Bb1 Qc7 18. Bd2 Nc2 19. Bxc2 Qxc2 20. Qe2 Qxb3 21. Reb1 Qc4 22. Rxb7 Rc7 23. Qxc4 dxc4 24. Rxc7 Bxc7 25. Rc1 Bxg3 26. hxg3 Rc8 27. Ne5 Be8 28. a5 Bb5 29. Nf7+ Kg8 30. Nd6 Rb8 31. Nxc4 Ne4 32. Bf4 Rc8 33. Na3 Rxc1+ 34. Bxc1 Ba6 35. Bf4 Nc3 36. Be5 Bd3 37. f3 Nd5 38. Kf2 Kf7 39. g4 g6 40. Ke1 Ke7 41. Kd2 Bf1 42. g3 Kd7 43. Nc2 Kc6 44. Ne3 Bb5 45. Nxd5 Kxd5 46. Ke3 Be8 47. Kf4 h6 48. Ke3 Bf7 49. Bg7 h5 50. gxh5 gxh5 51. Kf4 Kc6 52. Bf6 Kb5 53. Bd8 Kc6 54. Ke5 Kd7 55. Bg5 Bg6 56. Kf6 Bd3 57. Ke5 Be2 58. Kf4 Kd6 59. Bf6 Kd7 60. g4 hxg4 61. fxg4 1/2-1/2

[Event "Calvia Amateur op 11th"]
[Site "Calvia"]
[Date "2014.10.09"]
[Round "6"]
[White "Gaitan Moyano, Juan Jose"]
[Black "Melich, Jindrich"]
[Result "1/2-1/2"]
[WhiteElo "2015"]
[BlackElo "2084"]
[PlyCount "60"]
[EventDate "2014.10.04"]
[EventType "swiss"]
[EventRounds "9"]
[EventCountry "ESP"]
[SourceTitle "EXT 2015"]
[Source "ChessBase"]
[SourceDate "2014.11.20"]
[SourceVersion "1"]
[SourceVersionDate "2014.11.20"]
[SourceQuality "1"]

1. e4 d6 2. d4 Nf6 3. Nc3 g6 4. Nf3 Bg7 5. Be3 c6 6. Bd3 Qc7 7. h3 Nbd7 8. Qd2 b5 9. 0-0 Bb7 10. a3 a6 11. Bh6 Bxh6 12. Qxh6 e5 13. dxe5 dxe5 14. Rfe1 Qd6 15. Rad1 Qf8 16. Qg5 Qe7 17. Qh6 Qf8 18. Qg5 h6 19. Qe3 Qe7 20. Ne2 Nh5 21. c4 Ng7 22. cxb5 axb5 23. Ng3 Ne6 24. Ne2 Ng5 25. Nh2 Ne6 26. Kh1 Qg5 27. Qf3 Qf6 28. Qe3 Qg5 29. Qf3 Qd8 30. Qe3 Qg5 1/2-1/2

[Event "BI-2013-P-00023"]
[Site "LSS email"]
[Date "2013.04.22"]
[Round "?"]
[White "De Ridder, Michael"]
[Black "Gaitan Moyano, Juan Jose"]
[Result "1-0"]
[WhiteElo "1726"]
[BlackElo "1671"]
[PlyCount "45"]
[EventDate "2013.04.25"]
[EventType "tourn (corr)"]
[EventRounds "10"]
[EventCountry "GER"]
[SourceTitle "Telechess CBM 167"]
[Source "ChessBase"]
[SourceDate "2015.07.13"]
[SourceVersion "1"]
[SourceVersionDate "2015.07.13"]
[SourceQuality "1"]

1. e4 c5 2. c3 d5 3. exd5 Qxd5 4. d4 Nf6 5. Nf3 Bg4 6. dxc5 Qxd1+ 7. Kxd1 e5 8. b4 e4 9. h3 Bh5 10. g4 Nxg4 11. hxg4 Bxg4 12. Nbd2 exf3 13. Nc4 Nc6 14. Kc2 0-0-0 15. Bd3 h5 16. Bf4 Be7 17. b5 Nb8 18. Bd6 Bf6 19. b6 a6 20. Bc7 Rd7 21. Nd6+ Rxd6 22. Bxd6 Nc6 23. Rae1 1-0

[Event "BI-2013-P-00023"]
[Site "LSS email"]
[Date "2013.04.22"]
[Round "?"]
[White "Gaitan Moyano, Juan Jose"]
[Black "Lombardi, Donato"]
[Result "1-0"]
[WhiteElo "1671"]
[BlackElo "855"]
[PlyCount "61"]
[EventDate "2013.04.25"]
[EventType "tourn (corr)"]
[EventRounds "10"]
[EventCountry "GER"]
[SourceTitle "Telechess CBM 167"]
[Source "ChessBase"]
[SourceDate "2015.07.13"]
[SourceVersion "1"]
[SourceVersionDate "2015.07.13"]
[SourceQuality "1"]

1. e4 e6 2. d4 d5 3. Nd2 Nf6 4. e5 Nfd7 5. Ngf3 c5 6. c3 cxd4 7. cxd4 Nc6 8. Bd3 Qb6 9. 0-0 Nxd4 10. Nxd4 Qxd4 11. Nf3 Qb6 12. Qa4 Be7 13. Be3 Qc6 14. Bb5 Qc7 15. Rac1 Qd8 16. Rc2 0-0 17. Rxc8 Qxc8 18. Bxd7 Qc7 19. Rc1 Qd8 20. Qb5 a6 21. Qxb7 Rb8 22. Qc6 Rxb2 23. a4 a5 24. Qc3 Rb4 25. Bb5 f6 26. Qc6 fxe5 27. Qxe6+ Kh8 28. Nxe5 Re4 29. Nf7+ Kg8 30. Nxd8+ Rxe6 31. Nxe6 1-0

[Event "BI-2013-P-00023"]
[Site "LSS email"]
[Date "2013.04.22"]
[Round "?"]
[White "Iula, Massimo"]
[Black "Gaitan Moyano, Juan Jose"]
[Result "1-0"]
[WhiteElo "1441"]
[BlackElo "1671"]
[PlyCount "41"]
[EventDate "2013.04.25"]
[EventType "tourn (corr)"]
[EventRounds "10"]
[EventCountry "GER"]
[SourceTitle "Telechess CBM 167"]
[Source "ChessBase"]
[SourceDate "2015.07.13"]
[SourceVersion "1"]
[SourceVersionDate "2015.07.13"]
[SourceQuality "1"]

1. e4 c5 2. c3 d5 3. exd5 Qxd5 4. d4 Nf6 5. Nf3 Bg4 6. Qa4+ Nc6 7. Bc4 Qd7 8. dxc5 e6 9. Be3 Be7 10. Nbd2 Nd5 11. Bxd5 exd5 12. 0-0 0-0 13. Rfe1 h6 14. Qf4 Rae8 15. Qg3 Kh8 16. b4 a6 17. a4 Bf6 18. b5 axb5 19. axb5 Ne5 20. Nxe5 Bxe5 21. Bf4 1-0

[Event "SA-2013-0-00340"]
[Site "LSS email"]
[Date "2013.04.15"]
[Round "?"]
[White "Avellan, Gerardo"]
[Black "Gaitan Moyano, Juan Jose"]
[Result "1-0"]
[WhiteElo "2077"]
[BlackElo "1673"]
[PlyCount "37"]
[EventDate "2013.03.14"]
[EventType "tourn (corr)"]
[EventRounds "6"]
[EventCountry "GER"]
[SourceTitle "Corr 2015"]
[Source "ChessBase"]
[SourceDate "2015.07.17"]
[SourceVersion "1"]
[SourceVersionDate "2015.07.17"]
[SourceQuality "1"]

1. e4 c5 2. Nf3 d6 3. Bb5+ Bd7 4. Bxd7+ Nxd7 5. 0-0 Ngf6 6. d3 e5 7. c4 Be7 8. Nc3 0-0 9. Nh4 Nxe4 10. dxe4 Bxh4 11. Qxd6 Rc8 12. Qd1 Nb6 13. b3 Qe7 14. Qg4 g6 15. a4 a5 16. Rd1 Rcd8 17. Bd2 h5 18. Qe2 f5 19. exf5 1-0

[Event "ZI-2013-0-01575"]
[Site "LSS email"]
[Date "2013.03.22"]
[Round "?"]
[White "Correa de Almeida, Claudio"]
[Black "Gaitan Moyano, Juan Jose"]
[Result "1-0"]
[WhiteElo "1626"]
[BlackElo "1673"]
[PlyCount "79"]
[EventDate "2013.03.20"]
[EventType "match (corr)"]
[EventRounds "2"]
[EventCountry "GER"]
[SourceTitle "Telechess CBM 161"]
[Source "ChessBase"]
[SourceDate "2014.07.16"]
[SourceVersion "1"]
[SourceVersionDate "2014.07.16"]
[SourceQuality "1"]

1. d4 d5 2. c4 e6 3. Nf3 Nf6 4. Bg5 h6 5. Bxf6 Qxf6 6. Nc3 c6 7. e3 Bd6 8. Bd3 Nd7 9. e4 dxe4 10. Nxe4 Bb4+ 11. Ke2 Qe7 12. c5 Ba5 13. Nd6+ Kf8 14. Qa4 Bc7 15. Nxc8 Rxc8 16. Qxa7 Rb8 17. Rhe1 g5 18. h3 h5 19. Nd2 Nf6 20. Kf1 g4 21. Rad1 Nd5 22. Be4 gxh3 23. gxh3 Nf4 24. Qa3 Rg8 25. Nf3 Rd8 26. Qc3 Nxh3 27. Bh7 Rg7 28. Bf5 Nf4 29. b4 h4 30. d5 cxd5 31. b5 h3 32. b6 Bb8 33. c6 bxc6 34. Re3 Ng2 35. Bxh3 Nxe3+ 36. Qxe3 Bd6 37. Re1 Bc5 38. Qh6 Bxb6 39. Qh8+ Rg8 40. Qh6+ 1-0

[Event "ZI-2013-0-01575"]
[Site "LSS email"]
[Date "2013.03.22"]
[Round "?"]
[White "Gaitan Moyano, Juan Jose"]
[Black "Correa de Almeida, Claudio"]
[Result "0-1"]
[WhiteElo "1673"]
[BlackElo "1626"]
[PlyCount "66"]
[EventDate "2013.03.20"]
[EventType "match (corr)"]
[EventRounds "2"]
[EventCountry "GER"]
[SourceTitle "Telechess CBM 161"]
[Source "ChessBase"]
[SourceDate "2014.07.16"]
[SourceVersion "1"]
[SourceVersionDate "2014.07.16"]
[SourceQuality "1"]

1. e4 c5 2. Nf3 d6 3. d4 cxd4 4. Nxd4 Nf6 5. Nc3 a6 6. Be3 e5 7. Nb3 Be6 8. f3 Be7 9. Qd2 0-0 10. 0-0-0 Nbd7 11. g4 b5 12. g5 b4 13. gxf6 bxc3 14. Qxc3 Nxf6 15. Na5 Rc8 16. Nc6 Qc7 17. Nxe7+ Qxe7 18. Qa5 Rc6 19. Rg1 Rfc8 20. c3 Nh5 21. Rg2 Bh3 22. Rxg7+ Kxg7 23. Bxh3 Rg8 24. Qd5 Qc7 25. Rg1+ Kh8 26. Rxg8+ Kxg8 27. Qd2 Nf4 28. Bxf4 exf4 29. Qxf4 Qe7 30. Bf5 Rc7 31. Qg3+ Kh8 32. f4 Qf8 33. Qd3 Qh6 0-1

[Event "ZN-2013-0-02202"]
[Site "LSS email"]
[Date "2013.02.09"]
[Round "?"]
[White "Gaitan Moyano, Juan Jose"]
[Black "Venturas, Bob"]
[Result "1-0"]
[WhiteElo "2010"]
[BlackElo "737"]
[PlyCount "55"]
[EventDate "2013.02.04"]
[EventType "match (corr)"]
[EventRounds "2"]
[EventCountry "GER"]
[SourceTitle "Telechess CBM 159"]
[Source "ChessBase"]
[SourceDate "2014.03.17"]
[SourceVersion "1"]
[SourceVersionDate "2014.03.17"]
[SourceQuality "1"]

1. e4 e5 2. Nf3 Nc6 3. Bb5 d6 4. h3 Nf6 5. Nc3 Bd7 6. d4 exd4 7. Nxd4 Ne5 8. Bxd7+ Qxd7 9. 0-0 Be7 10. f4 Nc6 11. Nf5 Bf8 12. Nd5 0-0-0 13. Nxf6 gxf6 14. c4 Ne7 15. Nxe7+ Bxe7 16. f5 Rdg8 17. Rf3 h5 18. a4 c5 19. Bf4 Qc6 20. Qd3 Rd8 21. b3 Kb8 22. Rd1 Ka8 23. Qd5 Qb6 24. Qxf7 Qc7 25. Rfd3 Qb6 26. Qxe7 Rde8 27. Qxd6 Qb4 28. Qd8+ 1-0

[Event "ZN-2013-0-02202"]
[Site "LSS email"]
[Date "2013.02.09"]
[Round "?"]
[White "Venturas, Bob"]
[Black "Gaitan Moyano, Juan Jose"]
[Result "0-1"]
[WhiteElo "737"]
[BlackElo "2010"]
[PlyCount "42"]
[EventDate "2013.02.04"]
[EventType "match (corr)"]
[EventRounds "2"]
[EventCountry "GER"]
[SourceTitle "Telechess CBM 159"]
[Source "ChessBase"]
[SourceDate "2014.03.17"]
[SourceVersion "1"]
[SourceVersionDate "2014.03.17"]
[SourceQuality "1"]

1. e4 c5 2. Nf3 d6 3. d4 cxd4 4. Nxd4 Nf6 5. Nc3 a6 6. h3 e6 7. Bd3 Be7 8. 0-0 0-0 9. f4 Qc7 10. Qf3 Nbd7 11. Qg3 Nc5 12. f5 Nxd3 13. cxd3 exf5 14. Nxf5 Bxf5 15. Rxf5 Kh8 16. Bf4 Qb6+ 17. Kh2 Qxb2 18. Rc1 Rac8 19. Qe1 g6 20. Rg5 Nh5 21. Rg4 Nxf4 0-1

[Event "SB-2013-0-00285"]
[Site "LSS email"]
[Date "2013.02.03"]
[Round "?"]
[White "Gaitan Moyano, Juan Jose"]
[Black "Tsirakovsky, Sergey"]
[Result "0-1"]
[WhiteElo "1918"]
[BlackElo "1862"]
[PlyCount "78"]
[EventDate "2013.01.27"]
[EventType "tourn (corr)"]
[EventRounds "6"]
[EventCountry "GER"]
[SourceTitle "Corr 2022"]
[Source "ChessBase"]
[SourceDate "2021.10.24"]
[SourceVersion "1"]
[SourceVersionDate "2021.10.24"]
[SourceQuality "1"]

1. e4 c5 2. Nf3 Nc6 3. d4 cxd4 4. Nxd4 e5 5. Nb5 d6 6. N1c3 a6 7. Na3 b5 8. Nd5 Nf6 9. Bg5 Be7 10. Bxf6 Bxf6 11. c3 0-0 12. Nc2 Bg5 13. a4 bxa4 14. Rxa4 a5 15. Bc4 Bd7 16. Ra2 a4 17. 0-0 Na5 18. Bd3 Nb3 19. Nce3 Nc5 20. Re1 Be6 21. Bc2 Bxe3 22. Rxe3 Qd7 23. h4 Rfb8 24. Rg3 Qd8 25. h5 Rb7 26. c4 Rab8 27. Qc1 Qh4 28. h6 g6 29. Rc3 Bxd5 30. cxd5 Rb4 31. Rh3 Qd8 32. Rha3 Rc4 33. Rc3 Rxc3 34. bxc3 Ra8 35. g3 f6 36. Kg2 Qb6 37. Qa1 Qa6 38. Ra3 Qb5 39. Ra2 Qa6 0-1

[Event "Mallorca La Goleta U2200"]
[Site "Palma de Mallorca"]
[Date "2012.08.18"]
[Round "5"]
[White "Gaitan Moyano, Juan Jose"]
[Black "Damians Janes, Jordi"]
[Result "0-1"]
[WhiteElo "1874"]
[BlackElo "2031"]
[PlyCount "130"]
[EventDate "2012.08.10"]
[EventType "swiss"]
[EventRounds "7"]
[EventCountry "ESP"]
[SourceTitle "EXT 2014"]
[Source "ChessBase"]
[SourceDate "2013.11.20"]
[SourceVersion "1"]
[SourceVersionDate "2013.11.20"]
[SourceQuality "1"]

1. e4 d5 2. exd5 Qxd5 3. Nf3 Bg4 4. Be2 Nc6 5. Nc3 Qd7 6. 0-0 Nf6 7. d3 e6 8. Be3 a6 9. a3 Bd6 10. b4 0-0 11. Ng5 Bxe2 12. Nxe2 Ne5 13. h3 Rac8 14. Bd4 h6 15. f4 Ng6 16. Bxf6 hxg5 17. Bb2 gxf4 18. d4 a5 19. c4 axb4 20. axb4 Bxb4 21. Nxf4 Nxf4 22. Rxf4 e5 23. dxe5 Qxd1+ 24. Rxd1 Rcd8 25. Rff1 Be7 26. Bc3 Rxd1 27. Rxd1 Rd8 28. Rxd8+ Bxd8 29. Kf2 Kf8 30. Ke3 Ke7 31. Ke4 Ke6 32. Ba5 b6 33. Bb4 c6 34. Bf8 g6 35. Bb4 Be7 36. Bc3 Ba3 37. Bd4 b5 38. cxb5 cxb5 39. g4 Bc1 40. Bc3 Bg5 41. Bb4 Bd8 42. Bc3 Be7 43. Bb2 b4 44. Bc1 b3 45. g5 Bb4 46. Kd3 Kxe5 47. Kc4 Be1 48. Kxb3 Kf5 49. Kc2 Bh4 50. Kd3 Bxg5 51. Bb2 f6 52. Ke2 Kf4 53. Kf2 Bh4+ 54. Kg2 Ke3 55. Bc1+ Ke2 56. Bf4 f5 57. Be5 g5 58. Bd4 f4 59. Bc5 f3+ 60. Kg1 f2+ 61. Bxf2 Bxf2+ 62. Kg2 Bh4 63. Kh2 Kf2 64. Kh1 Kg3 65. Kg1 Kxh3 0-1